| 000 | 00419nam a22001697a 4500 | ||
|---|---|---|---|
| 003 | CEME | ||
| 005 | 20210628205611.0 | ||
| 008 | 210308b xxu||||| |||| 00| 0 eng d | ||
| 020 | _a81-7224-023-6 | ||
| 040 | _c. | ||
| 082 | _a621.82 ORT'M | ||
| 100 |
_aOrthwen, William C _976204 |
||
| 245 | _aMachine component design vol i & ii | ||
| 260 |
_aBOMBAY _bJAICO PUBLISHING _c1996 |
||
| 300 | _a998P | ||
| 942 |
_cBK _2ddc |
||
| 999 |
_c581608 _d581608 |
||